<?xml version="1.0" encoding="UTF-8"?>
<record
    xmlns:xsi="http://www.w3.org/2001/XMLSchema-instance"
    xsi:schemaLocation="http://www.loc.gov/MARC21/slim http://www.loc.gov/standards/marcxml/schema/MARC21slim.xsd"
    xmlns="http://www.loc.gov/MARC21/slim">

  <leader>01950nam a2200265 a 4500</leader>
  <controlfield tag="001">BRCA_3451</controlfield>
  <controlfield tag="005">20190320204305.0</controlfield>
  <datafield tag="041" ind1=" " ind2=" ">
    <subfield code="a">sp</subfield>
  </datafield>
  <datafield tag="044" ind1=" " ind2=" ">
    <subfield code="a">spa</subfield>
  </datafield>
  <datafield tag="084" ind1=" " ind2=" ">
    <subfield code="a">740</subfield>
    <subfield code="b">.F47</subfield>
    <subfield code="c">1805</subfield>
  </datafield>
  <datafield tag="100" ind1="1" ind2=" ">
    <subfield code="a">Fern&#xE1;ndez de Avellaneda, Alonso</subfield>
    <subfield code="9">9025</subfield>
  </datafield>
  <datafield tag="245" ind1="1" ind2="0">
    <subfield code="a">Vida y hechos del ingenioso hidalgo D. Quixote de la Mancha</subfield>
    <subfield code="b">contiene su quarta salida y la quinta parte de sus aventuras</subfield>
    <subfield code="c">Alonso Fern&#xE1;ndez de Avellaneda.</subfield>
  </datafield>
  <datafield tag="260" ind1=" " ind2=" ">
    <subfield code="a">Madrid</subfield>
    <subfield code="b">Villalpando</subfield>
    <subfield code="c">1805</subfield>
  </datafield>
  <datafield tag="300" ind1=" " ind2=" ">
    <subfield code="a">2 v.</subfield>
    <subfield code="c">15 cm.</subfield>
  </datafield>
  <datafield tag="500" ind1=" " ind2=" ">
    <subfield code="a">Contenido : v.1. Dedicatoria al Alcalde, regidores e hidalgos de la noble villa del Argamecitla de la mancha, patria feliz del hidalgo caballero Don Quixote, ilustre de los profesores de la caballer&#xED;a andantesca. Pr&#xF3;logo del autor. Soneto de Pedro Fern&#xE1;ndez. Nota del editor. Aprobaci&#xF3;n de Don Agust&#xED;n de Mantiano y Luyando Juicio de esta obra. Texto. -- v.2. Texto</subfield>
  </datafield>
  <datafield tag="500" ind1=" " ind2=" ">
    <subfield code="a">La supuesta continuaci&#xF3;n de la novela, pero de facto una reelaboraci&#xF3;n lud&#xED;brica de la primera parte de la obra cervantina, pues en ella hay muchos episodios que son mera parodia del original, como por ejemplo: las escenas de la venta y las del castillo ducal y otras, enfocadas desde el punto de vista de la ideolog&#xED;a contrarreformista. As&#xED;, lo primero que hace el falso autor, es hacer entrar a Don Quijote en una iglesia y asistir a misa, colgarle el rosario, y darle de leer las obras devotas (Flos Sanctorum de Villegas y Gu&#xED;a de pecadores de fray Luis de Granada). Su lenguaje, a pesar de tener ciertas cualidades, es grosero y bajo. Piel; lomeras decoradas con dorados L&#xFA;dovik Osterc</subfield>
  </datafield>
  <datafield tag="500" ind1=" " ind2=" ">
    <subfield code="a">QMB109</subfield>
  </datafield>
  <datafield tag="650" ind1="1" ind2="4">
    <subfield code="a">Novela espa&#xF1;ola</subfield>
    <subfield code="y">&#xC9;poca cl&#xE1;sica, 1500-1700</subfield>
    <subfield code="9">215</subfield>
  </datafield>
  <datafield tag="650" ind1="1" ind2="4">
    <subfield code="a">Literatura espa&#xF1;ola</subfield>
    <subfield code="y">&#xC9;poca cl&#xE1;sica, 1500-1700</subfield>
    <subfield code="9">216</subfield>
  </datafield>
  <datafield tag="650" ind1="1" ind2="4">
    <subfield code="a">Novela espa&#xF1;ola</subfield>
    <subfield code="y">Siglo XVII</subfield>
    <subfield code="9">217</subfield>
  </datafield>
  <datafield tag="650" ind1="1" ind2="4">
    <subfield code="a">Don Quijote (Personaje ficticio)</subfield>
    <subfield code="e">Novela</subfield>
    <subfield code="9">218</subfield>
  </datafield>
  <datafield tag="740" ind1="0" ind2=" ">
    <subfield code="a">El Ingenioso Hidalgo Don Quijote de la Mancha</subfield>
  </datafield>
  <datafield tag="902" ind1=" " ind2=" ">
    <subfield code="a">QFM</subfield>
  </datafield>
  <datafield tag="942" ind1=" " ind2=" ">
    <subfield code="2">lcc</subfield>
    <subfield code="c">B</subfield>
  </datafield>
  <datafield tag="999" ind1=" " ind2=" ">
    <subfield code="c">3187</subfield>
    <subfield code="d">3187</subfield>
  </datafield>
  <datafield tag="952" ind1=" " ind2=" ">
    <subfield code="0">0</subfield>
    <subfield code="1">0</subfield>
    <subfield code="4">0</subfield>
    <subfield code="7">0</subfield>
    <subfield code="a">BRCA</subfield>
    <subfield code="b">BRCA</subfield>
    <subfield code="d">2009-04-15</subfield>
    <subfield code="i">QMB109</subfield>
    <subfield code="l">0</subfield>
    <subfield code="o">740 .F47 1805 (QMB109)</subfield>
    <subfield code="p">3448</subfield>
    <subfield code="r">2019-03-22 00:00:00</subfield>
    <subfield code="w">2019-03-22</subfield>
    <subfield code="y">B</subfield>
  </datafield>
</record>
